Κατάλογος Βιβλιοθηκών Mediterranean College

Γεωλογία / Αρχές και Εφαρμογές (Record no. 8251)

MARC details
000 -LEADER
fixed length control field 01995cam a22001934a 4500
005 - ΗΜΕΡΟΜΗΝΙΑ ΚΑΙ ΩΡΑ ΤΕΛΕΥΤΑΙΑΣ ΕΝΗΜΕΡΩΣΗΣ
Πεδίο ελέγχου 20250605164331.0
008 - FIXED-LENGTH DATA ELEMENTS--GENERAL INFORMATION
Πεδίο ελέγχου σταθερού μήκους 250528s ||||||||||||||||||||||||d
035 ## - SYSTEM CONTROL NUMBER
System control number 23222
020 ## - ISBN
ISBN 9786185012113
040 ## - ΠΗΓΗ ΚΑΤΑΛΟΓΟΓΡΑΦΗΣΗΣ
Φορέας πρωτότυπης καταλογογράφησης MC Athens Campus Library
Γλώσσα καταλογογράφησης Ελληνικά, Μοντέρνα (1453-)
Modifying agency MC Athens Campus Library
Κανόνες περιγραφικής καταλογογράφησης AACR2
245 1# - ΤΙΤΛΟΣ ΚΑΙ ΔΗΛΩΣΗ ΥΠΕΥΘΥΝΟΤΗΤΑΣ
Τίτλος Γεωλογία / Αρχές και Εφαρμογές
260 ## - PUBLICATION, DISTRIBUTION, ETC.
Name of publisher, distributor, etc. Liberal Books,
Date of publication, distribution, etc. 2014
300 ## - PHYSICAL DESCRIPTION
Extent 424
520 ## - SUMMARY, ETC.
Summary, etc. Κύριος άξονας του συγγράματος είναι η ανάλυση των βασικών αρχών και μεθόδων της γεωλογίας με γνώμονα την εφαρμογή τους στην πράξη π.χ. εκμετάλλευση κοιτασμάτων και υδροφόρων οριζόντων, διάνοιξη δρόμων καθώς επίσης προστασία από καταστροφικά φαινόμενα όπως σεισμοί, ηφαιστειακες εκρήξεις και πλημμύρες. Πρόλογος, Εισαγωγή, Τα Υλικά της Γης, Τα Ορυκτά και ο Κύκλος των Πετρωμάτων, Πυριγενή Πετρώματα, Ιζηματογενή Πετρώματα, Μεταμορφωμένα Πετρώματα, Διεργασίες στην Επιφάνεια της Γης, Η Μέτρηση του Γεωλογικού Χρόνου, Αποσάρθρωση και Βαρυτικές Κινήσεις, Το Νερό στην Επιφάνεια της Γης και Κάτω από Αυτή, Παγετώνες και Άνεμοι, Διεργασίες στο Εσωτερικό της Γης, Τεκτονικές Δομές, Γεωλογικοί Χάρτες, Σεισμοί και Εσωτερικό της Γης, Λιθοσφαιρικές Πλάκες, Λιθοσφαιρικές Πλάκες στην Ελληνική Χερσόνησο, Ιστορία της Γεωλογίας.
700 1# - ΠΡΟΣΘΕΤΗ ΑΝΑΓΡΑΦΗ--ΦΥΣΙΚΟ ΠΡΟΣΩΠΟ
Personal name Δούτσος Θεόδωρος
9 (RLIN) 8805
942 ## - ADDED ENTRY ELEMENTS (KOHA)
Koha item type Books
Holdings
Τύπος τεκμηρίου Βιβλιοθήκη Τρέχουσα τοποθεσία Barcode Αριθμός εισαγωγής Ημερομηνία απόκτησης Ταξιθετικό σύμβολο Αριθμός αντιτύπου Κατάσταση απόσυρσης Κατάσταση χαμένου Κατάσταση κατεστραμμένου Μη δανεισμός Σύνολο δανεισμών Ημερομηνία τελευταίας εμφάνισης Η τιμή ισχύει από
Books MC Athens Campus Library MC Athens Campus Library 9780000082503 7598 05/06/2025 551.8 IPS 1           05/06/2025 05/06/2025

MC Athens Campus Library
Πατησίων 94 & Κοδριγκτώνος 13, 104 34
Πελλήνης 8 & Πατησίων 107, 112 51
Τ: +30 210 8899600

MC Thessaloniki Campus Library
Ίωνος Δραγούμη 21, 54625 | Ίωνος Δραγούμη 15, 54625
Τ: +30 2310 287779 – Τ: +30 2314 440300